[Event "CZE-chT2C 1617"]
[Site "Czech Republic"]
[Date "2017.01.29"]
[Round "7.4"]
[White "Hora, Milan"]
[Black "Haspl, Miroslav"]
[Result "1-0"]
[WhiteElo "2144"]
[BlackElo "2016"]
[PlyCount "81"]
[EventDate "2016.10.09"]
[EventType "team-tourn"]
[EventRounds "11"]
[EventCountry "CZE"]
[SourceTitle "EXT 2022"]
[Source "ChessBase"]
[SourceDate "2021.10.06"]
[SourceVersion "1"]
[SourceVersionDate "2021.10.06"]
[SourceQuality "1"]
[WhiteTeam "Kolin"]
[BlackTeam "Vysehrad III"]
[WhiteTeamCountry "CZE"]
[BlackTeamCountry "CZE"]

1. d4 Nf6 2. Nf3 c5 3. d5 g6 4. Nc3 d6 5. e4 Bg7 6. Bb5+ Bd7 7. a4 0-0 8. 0-0 Bxb5 9. axb5 Nbd7 10. h3 Ne8 11. Re1 Nc7 12. Qd3 Ne5 13. Nxe5 Bxe5 14. Bh6 Re8 15. Ra3 a5 16. Na4 e6 17. Nb6 Rb8 18. c3 exd5 19. Nxd5 Nxd5 20. Qxd5 b6 21. f4 Qh4 22. Rf1 Qxh6 23. fxe5 dxe5 24. Rxf7 Kh8 25. Ra1 Rbd8 26. Qc6 Rf8 27. Qf6+ Kg8 28. Rf1 Rde8 29. Rxf8+ Rxf8 30. Qe6+ Kh8 31. Qxe5+ Kg8 32. Qe6+ Kh8 33. Rxf8+ Qxf8 34. Qxb6 Qf4 35. Qxc5 Qc1+ 36. Kh2 Qf4+ 37. g3 Qd2+ 38. Kg1 Qc1+ 39. Kg2 Qxb2+ 40. Kf3 a4 41. Qf8# 1-0

[Event "CZE-chT2C 1617"]
[Site "Czech Republic"]
[Date "2017.01.15"]
[Round "6.5"]
[White "Tuma, Jan"]
[Black "Haspl, Miroslav"]
[Result "1-0"]
[WhiteElo "2056"]
[BlackElo "2016"]
[PlyCount "33"]
[EventDate "2016.10.09"]
[EventType "team-tourn"]
[EventRounds "11"]
[EventCountry "CZE"]
[SourceTitle "EXT 2022"]
[Source "ChessBase"]
[SourceDate "2021.10.06"]
[SourceVersion "1"]
[SourceVersionDate "2021.10.06"]
[SourceQuality "1"]
[WhiteTeam "Kutna Hora"]
[BlackTeam "Vysehrad III"]
[WhiteTeamCountry "CZE"]
[BlackTeamCountry "CZE"]

1. e4 e6 2. c4 d5 3. cxd5 exd5 4. exd5 Qxd5 5. Nc3 Qd8 6. Bc4 c6 7. Nf3 Qe7+ 8. Be2 Qc7 9. 0-0 Be7 10. d4 Nf6 11. Ne5 0-0 12. Bf4 Qd8 13. Bc4 Bd6 14. Qb3 Bxe5 15. dxe5 Nfd7 16. Bxf7+ Kh8 17. Rad1 1-0

[Event "CZE-chT2C 1314"]
[Site "Czech Republic"]
[Date "2014.01.19"]
[Round "6.8"]
[White "Haspl, Miroslav"]
[Black "Bartos, Alois"]
[Result "1/2-1/2"]
[WhiteElo "2072"]
[BlackElo "2083"]
[PlyCount "52"]
[EventDate "2013.11.03"]
[EventType "team-tourn"]
[EventRounds "11"]
[EventCountry "CZE"]
[SourceTitle "EXT 2015"]
[Source "ChessBase"]
[SourceDate "2014.11.20"]
[SourceVersion "1"]
[SourceVersionDate "2014.11.20"]
[SourceQuality "1"]
[WhiteTeam "Vysehrad III"]
[BlackTeam "Tabor"]
[WhiteTeamCountry "CZE"]
[BlackTeamCountry "CZE"]

1. Nf3 c5 2. c4 Nf6 3. Nc3 d5 4. cxd5 Nxd5 5. g3 Nc7 6. d4 cxd4 7. Qxd4 Qxd4 8. Nxd4 e5 9. Nf3 Nc6 10. Bg2 Bb4 11. Bd2 0-0 12. a3 Be7 13. 0-0 Be6 14. Rac1 Rfd8 15. Be3 Rac8 16. Ne4 Nd4 17. Bxd4 exd4 18. Rfd1 f5 19. Nc5 b6 20. Nxe6 Nxe6 21. Rxc8 Rxc8 22. Nxd4 Rd8 23. e3 Nxd4 24. exd4 Bf6 25. d5 Bxb2 26. a4 Ba3 1/2-1/2

[Event "CZE-chT1W 0607"]
[Site "Czech Republic"]
[Date "2007.03.04"]
[Round "9.7"]
[White "Haspl, Miroslav"]
[Black "Volfl, Zdenek"]
[Result "0-1"]
[WhiteElo "2081"]
[BlackElo "2239"]
[PlyCount "74"]
[EventDate "2006.10.29"]
[EventType "team"]
[EventRounds "11"]
[EventCountry "CZE"]
[SourceTitle "EXT 2009"]
[Source "ChessBase"]
[SourceDate "2008.11.26"]
[SourceVersion "1"]
[SourceVersionDate "2008.11.26"]
[SourceQuality "1"]
[WhiteTeam "Vysehrad II"]
[BlackTeam "Novoborsky"]
[WhiteTeamCountry "CZE"]
[BlackTeamCountry "CZE"]

1. c4 Nf6 2. Nc3 c5 3. Nf3 Nc6 4. d4 cxd4 5. Nxd4 g6 6. e4 d6 7. Be2 Bg7 8. Be3 0-0 9. 0-0 Bd7 10. Rc1 Nxd4 11. Bxd4 Bc6 12. f3 Bh6 13. Rb1 Nh5 14. g3 f5 15. c5 e5 16. Qb3+ Kh8 17. Bf2 fxe4 18. Nxe4 d5 19. Rfd1 Qe7 20. Nc3 Nf6 21. Qc2 d4 22. Ne4 Nd5 23. Rf1 Be3 24. b4 Bxf2+ 25. Rxf2 Ne3 26. Qd3 a5 27. a3 Bd5 28. Nd6 axb4 29. Rxb4 Ra5 30. Rb5 Rfa8 31. Rxa5 Rxa5 32. f4 Rxc5 33. fxe5 Rc1+ 34. Bf1 Qxe5 35. Nf7+ Bxf7 36. Rxf7 Qd5 37. Qd2 Rd1 0-1

[Event "CZE-chT1W 0607"]
[Site "Czech Republic"]
[Date "2007.02.04"]
[Round "7.7"]
[White "Kozak, Milos"]
[Black "Haspl, Miroslav"]
[Result "1-0"]
[WhiteElo "2257"]
[BlackElo "2081"]
[PlyCount "59"]
[EventDate "2006.10.29"]
[EventType "team"]
[EventRounds "11"]
[EventCountry "CZE"]
[SourceTitle "EXT 2009"]
[Source "ChessBase"]
[SourceDate "2008.11.26"]
[SourceVersion "1"]
[SourceVersionDate "2008.11.26"]
[SourceQuality "1"]
[WhiteTeam "Praha CSOB"]
[BlackTeam "Vysehrad II"]
[WhiteTeamCountry "CZE"]
[BlackTeamCountry "CZE"]

1. d4 Nf6 2. c4 c5 3. d5 g6 4. Nc3 d6 5. e4 Bg7 6. h3 0-0 7. Nf3 e5 8. Bg5 h6 9. Be3 a6 10. Qd2 Kh7 11. g4 Ng8 12. Bd3 Qa5 13. Ke2 Bd7 14. a4 Qd8 15. a5 b6 16. axb6 Qxb6 17. b4 Re8 18. Rhb1 Qc7 19. bxc5 dxc5 20. Qb2 f5 21. gxf5 gxf5 22. Qb6 Qxb6 23. Rxb6 f4 24. Bxc5 Bxh3 25. Bd6 Bg4 26. Rb7 Kh8 27. c5 Nf6 28. Ra3 Nh7 29. Nb1 Ng5 30. Nbd2 1-0

[Event "CZE-chT1W 0607"]
[Site "Czech Republic"]
[Date "2006.11.12"]
[Round "2.8"]
[White "Markovic, Milan2222"]
[Black "Haspl, Miroslav"]
[Result "1-0"]
[WhiteElo "2211"]
[BlackElo "2081"]
[PlyCount "51"]
[EventDate "2006.10.29"]
[EventType "team"]
[EventRounds "11"]
[EventCountry "CZE"]
[SourceTitle "EXT 2009"]
[Source "ChessBase"]
[SourceDate "2008.11.26"]
[SourceVersion "1"]
[SourceVersionDate "2008.11.26"]
[SourceQuality "1"]
[WhiteTeam "Vrsovice"]
[BlackTeam "Vysehrad II"]
[WhiteTeamCountry "CZE"]
[BlackTeamCountry "CZE"]

1. e4 e6 2. d4 d5 3. Nc3 dxe4 4. Nxe4 Nd7 5. Nf3 Ngf6 6. Bg5 c6 7. Bd3 Qb6 8. Qc1 Nxe4 9. Bxe4 c5 10. c3 cxd4 11. Nxd4 Bc5 12. 0-0 Bxd4 13. cxd4 Qxd4 14. Qc2 f5 15. Bxf5 exf5 16. Rad1 Qg4 17. Rfe1+ Kf7 18. f4 h6 19. Re7+ Kg6 20. Rd6+ Nf6 21. Bxf6 gxf6 22. Rd3 Rh7 23. Re8 Qxf4 24. Rxc8 Rxc8 25. Qxc8 Qc7 26. Rg3+ 1-0

[Event "CZE-chT2J 0203"]
[Site "Czech Republic"]
[Date "2003.??.??"]
[Round "8"]
[White "Haspl, Miroslav"]
[Black "Hruby, Milan"]
[Result "1-0"]
[WhiteElo "2041"]
[BlackElo "1938"]
[PlyCount "121"]
[EventDate "2002.10.??"]
[EventType "team"]
[EventRounds "11"]
[EventCountry "CZE"]
[SourceTitle "EXT 2007"]
[Source "ChessBase"]
[SourceDate "2006.11.23"]
[SourceVersion "1"]
[SourceVersionDate "2006.11.23"]
[SourceQuality "1"]

1. c4 Nf6 2. Nc3 c5 3. Nf3 Nc6 4. d4 cxd4 5. Nxd4 e6 6. Nc2 Bc5 7. e3 0-0 8. Be2 d5 9. 0-0 a6 10. cxd5 exd5 11. Bf3 Be6 12. Ne2 Qe7 13. b3 Rfd8 14. Bb2 Rac8 15. Ncd4 Ne5 16. Nf4 Nxf3+ 17. gxf3 Bd6 18. Nfxe6 fxe6 19. Kh1 Qf7 20. f4 Kh8 21. Rg1 Rg8 22. Rg2 Rce8 23. Nf3 Qh5 24. Ng5 Qxd1+ 25. Rxd1 Rgf8 26. Nf3 Rf7 27. Rdg1 Bf8 28. Ng5 Kg8 29. Nxf7 Kxf7 30. Rc1 Ne4 31. f3 Nf6 32. Rc7+ Re7 33. Rgc2 Ne8 34. Rxe7+ Kxe7 35. Kg2 Kd7 36. Be5 g6 37. h4 Nd6 38. Bxd6 Bxd6 39. Kg3 Kd8 40. Kg4 Kd7 41. Kg5 Be7+ 42. Kg4 Bf6 43. h5 Be7 44. hxg6 hxg6 45. Rh2 Bc5 46. Re2 Be7 47. Rd2 Bc5 48. Rd3 Ke7 49. e4 d4 50. Kg5 Kf7 51. b4 Bb6 52. a4 Bd8+ 53. Kg4 Bb6 54. Rd1 Kf6 55. a5 Ba7 56. Rc1 Ke7 57. Kg5 Bb8 58. Rd1 Ba7 59. Kxg6 Kd6 60. f5 exf5 61. exf5 1-0

[Event "CZE-chTJ 0102"]
[Site "Czech Republic"]
[Date "2002.??.??"]
[Round "5"]
[White "Haspl, Miroslav"]
[Black "Simunek, Ales"]
[Result "1/2-1/2"]
[WhiteElo "2013"]
[BlackElo "2119"]
[PlyCount "131"]
[EventDate "2001.??.??"]
[EventType "team"]
[EventRounds "11"]
[EventCountry "CZE"]
[SourceTitle "EXT 2003"]
[Source "ChessBase"]
[SourceDate "2002.11.25"]
[SourceVersion "1"]
[SourceVersionDate "2002.11.25"]
[SourceQuality "1"]
[WhiteTeam "Vysehrad IV"]
[BlackTeam "Plzen Bolevec"]
[WhiteTeamCountry "CZE"]
[BlackTeamCountry "CZE"]

1. c4 e5 2. Nc3 Nc6 3. Nf3 d6 4. d4 Bg4 5. d5 Bxf3 6. gxf3 Nce7 7. Bh3 f5 8. f4 g6 9. e4 Nf6 10. fxe5 dxe5 11. Bg5 Bg7 12. Bxf6 Bxf6 13. exf5 0-0 14. fxg6 Nxg6 15. Be6+ Kh8 16. 0-0 Nf4 17. Kh1 Bg7 18. Qg4 Nxe6 19. dxe6 Rf4 20. Qg2 c6 21. Rad1 Rd4 22. Rxd4 exd4 23. Ne4 Qe7 24. Rg1 Kg8 25. f4 Rf8 26. Qg4 h5 27. Qxh5 Qxe6 28. Ng5 Qf5 29. Qe2 d3 30. Qe6+ Kh8 31. Qxf5 Rxf5 32. Rd1 Rxf4 33. Rxd3 Bf6 34. Nf7+ Kg8 35. Nd6 b6 36. Kg2 Bxb2 37. Nc8 Rxc4 38. Nxa7 Rc2+ 39. Kf3 Kf7 40. h4 Ke6 41. h5 Bc1 42. Rb3 b5 43. Kg3 Kd7 44. Nxb5 cxb5 45. Rxb5 Rxa2 46. Kg4 Kc6 47. Rf5 Rg2+ 48. Kf3 Rg1 49. Kf2 Rg7 50. Kf3 Kd6 51. Rf6+ Ke5 52. Rc6 Bb2 53. Rc5+ Kf6 54. Rc6+ Kf5 55. Rc4 Be5 56. Rh4 Rh7 57. Rh1 Ra7 58. h6 Rh7 59. Rh5+ Kf6 60. Kg4 Bd4 61. Ra5 Re7 62. Ra6+ Kf7 63. Rd6 Be5 64. Rb6 Kg8 65. Kf5 Kh7 66. Re6 1/2-1/2

[Event "CZE-chTJ 0102"]
[Site "Czech Republic"]
[Date "2001.??.??"]
[Round "6"]
[White "Nejdl, Eduard"]
[Black "Haspl, Miroslav"]
[Result "0-1"]
[WhiteElo "2055"]
[BlackElo "2013"]
[PlyCount "72"]
[EventDate "2001.??.??"]
[EventType "team"]
[EventRounds "11"]
[EventCountry "CZE"]
[SourceTitle "EXT 2003"]
[Source "ChessBase"]
[SourceDate "2002.11.25"]
[SourceVersion "1"]
[SourceVersionDate "2002.11.25"]
[SourceQuality "1"]
[WhiteTeam "Ceske Budejovice"]
[BlackTeam "Vysehrad IV"]
[WhiteTeamCountry "CZE"]
[BlackTeamCountry "CZE"]

1. e4 e6 2. d4 d5 3. Nd2 c5 4. Ngf3 Nf6 5. exd5 exd5 6. Bb5+ Bd7 7. Bxd7+ Nbxd7 8. 0-0 Be7 9. Re1 0-0 10. c3 Rc8 11. h3 h6 12. Nb3 c4 13. Nbd2 b5 14. Ne5 Nxe5 15. Rxe5 Bd6 16. Re1 b4 17. Nf1 Ne4 18. Qg4 bxc3 19. bxc3 Qf6 20. Be3 Nxc3 21. Rac1 Nxa2 22. Ra1 Nb4 23. Rxa7 Qg6 24. Qf3 c3 25. Bc1 Qd3 26. Qg4 Qg6 27. Qf3 c2 28. Re3 Rfe8 29. Raa3 Re4 30. Rec3 Rce8 31. Be3 f5 32. Nd2 f4 33. Nxe4 dxe4 34. Qe2 fxe3 35. Qxe3 Rf8 36. Ra7 Bf4 0-1